000
00286nam a22001337a 4500
008
170227b xxu||||| |||| 00| 0 eng d
020
_a
0942219406
041
_a
eng
080
_a
617
100
_a
5
101
_a
SHK
245
_a
INTENSTINAL STOMAS
_c
MACKEIGAN, J.M
942
_2
udc
_c
BK
999
_c
6264
_d
6264